000 00324nam a2200121Ia 4500
008 190216s9999||||xx |||||||||||||| ||und||
100 _aParmar. Vs And Chawla Hm
245 0 _aPrinciples Of Reaction Mechanism In Organic Chemistry
260 _bSulthan Chand&Sons
_c1985
300 _a455
650 _aChemistry
942 _cBK
999 _c3291
_d3291